Statistics for Current Events by Year, 1890–1909

Click here to take the quiz!

General Stats

  • This quiz has been taken 5,674 times
  • The average score is 16 of 20

Answer Stats

YearHintAnswer% Correct
1903Invention demonstrated by the Wright BrothersAirplane
95%
1896City which hosted the first modern Olympic gamesAthens
92%
1904Country which launched a surprise attack on Russian forces in the PacificJapan
90%
1901Monarch who died after a reign of 63 yearsQueen Victoria
88%
1908
Country that King Leopold II of Belgium relinquished personal control over after
atrocities came to light
Congo Free State
87%
1890Dutch painter who committed suicide in FranceVincent van Gogh
87%
1900French restaurant guide created to increase demand for car tiresMichelin Guide
85%
1906U.S. city which was devastated by an earthquake and fireSan Francisco
85%
1894Last person to be crowned as Tsar of Russia{Nicholas} II
83%
1892Christmas ballet which debuted in St. Petersburg, RussiaThe Nutcracker
83%
1905
Patent examiner living in Bern who published four important physics papers
in one miraculous year
Albert Einstein
79%
1898Country which the U.S. declared war on following the explosion of the U.S.S. MaineSpain
79%
1909City founded by Jewish settlers just outside of JaffaTel Aviv
78%
1891Sport invented by James NaismithBasketball
73%
1902
South African conflict which came to an end after the British used concentration
camps to control the civilian population
Anglo–{Boer} War
71%
1899Thinker who published "The Interpretation of Dreams"Sigmund Freud
69%
1897Invention patented by Guglielmo MarconiRadio telegraphy
64%
1893
Amusement ride which made its debut at the World's Columbian Exposition
in Chicago
Ferris wheel
61%
1895Irish writer arrested for gross indecencyOscar Wilde
59%
1907Painter who completed his famous work "Les Demoiselles d'Avignon"Pablo Picasso
57%

Score Distribution

Percentile by Number Answered

Percent of People with Each Score

Your Score History

You have not taken this quiz